000 00642nam a2200181 a 4500
001 000032754
003 DO-SdBNP
005 20221118094658.0
008 110726s1938 dr 000 | spa d
040 _aDO-SdBNP
_bspa
_cBNPHU
049 _aBNPD
082 _axxx
_bJ61ó
100 1 _aJiménez, Emilio R.
_920005
245 1 0 _aOración panegírica :
_ben memoria del académico fenecido Dr. Adolfo A. Nouel, Arzobiapo vitalicio de Santo Domingo /
_cR. Emilio Jiménez.
260 _aCiudad Trujillo, República Dominicana :
_bAcademia Dominicana de la Historia;
_bImprenta Montalvo,
_c1938.
300 _a40 p. ;
_c20 cm.
942 _2ddc
_cLF2
999 _c32245
_d32245